| 000 | nam a22 7a 4500 | ||
|---|---|---|---|
| 999 |
_c129398 _d129398 |
||
| 008 | 190423b xxu||||| |||| 00| 0 eng d | ||
| 050 | _aBT202.B5813 | ||
| 100 |
_aBonhoeffer, Deitrich _945817 |
||
| 245 |
_aChristology _c/ by Deitrich Bonhoeffer |
||
| 260 |
_aLondon: _bWilliam Collins Sons and Co. Ltd., _cc1960. |
||
| 300 |
_a118p. ; _c18cm. |
||
| 700 |
_eBowden, John, tr. _945818 |
||
| 942 |
_2lcc _cMONOGRAPH |
||